Najlepsze uniwersytety w USA - Statystyki

Ogólne statystyki
  • Ten quiz został rozwiązany 23 razy
  • Średni wynik to 9 z 50
Statystyki odpowiedzi
# Szkoła % Poprawnych
3 Harvarda
100%
3 Yale
70%
3 Stanforda
57%
2 MIT
52%
20 Berkeley
43%
18 Columbia
43%
20 Kalifornijski w Los Angeles
43%
6 Chicago
39%
15 Washington (St. Louis)
39%
29 Florida
35%
38 Teksański
35%
36 Boston College
30%
41 Bostoński
30%
49 Stanu Ohio
30%
25 Michigan
26%
25 NYU
26%
1 Princeton
26%
13 Brown
22%
41 Illinois
22%
25 Wirginii
17%
17 Cornell
13%
12 Dartmouth
13%
49 Georgii
13%
34 Kalifornijski w San Diego
13%
7 Penn
13%
38 Wisconsin
13%
9 Cal Tech
9%
29 Karoliny Północnej
9%
22 Carnegie Mellon
4%
10 Duke
4%
44 Georgia Tech
4%
7 Johns Hopkins
4%
44 Brandeis
0%
44 Case Western
0%
22 Emory
0%
22 Georgetown
0%
38 Kalifornijski w Davis
0%
34 Kalifornijski w Irvine
0%
32 Kalifornijski w Santa Barbara
0%
44 Northeastern
0%
10 Northwestern
0%
18 Notre Dame
0%
25 Południowej Kalifornii
0%
15 Rice
0%
36 Rochester
0%
32 Tufts
0%
44 Tulane
0%
13 Vanderbilt
0%
29 Wake Forest
0%
41 William and Mary
0%
Nie znaleziono quizów pasujących do podanych kryteriów
Rozkład punktacji
Procent ludzi z każdym wynikiem
Percentyl według liczby udzielonych odpowiedzi
Twoja historia wyników
Nie rozwiązałeś tego quizu